Daňová správa Slovenskej republiky 2002

Salvato in:
Dettagli Bibliografici
Natura: Libro
Lingua:slovacco
inglese
Pubblicazione: Banská Bystrica Daňové riaditeľstvo Slovenskej republiky 2002
Soggetti:
Tags: Aggiungi Tag
Nessun Tag, puoi essere il primo ad aggiungerne!!

MARC

LEADER 00000nam$a2200000$$$4500
001 0024418
005 20240318114220.1
041 0 |a slo 
041 0 |a eng 
044 |a SK 
245 1 0 |a Daňová správa Slovenskej republiky 2002 
264 1 |a Banská Bystrica  |b Daňové riaditeľstvo Slovenskej republiky  |c 2002 
300 |a 30 s. 
610 2 0 |a dane 
610 2 0 |a politika daňová 
610 2 0 |a odvody 
610 2 0 |a poplatky 
610 2 0 |a kontrola daňová 
610 2 0 |a nástroje finančné 
610 2 0 |a štruktúra organizačná 
610 2 0 |a zamestnanci 
610 2 0 |a vzdelanie 
610 2 0 |a vzdelávanie 
610 2 0 |a politika sociálna 
610 2 0 |a rozpočet podnikový 
610 2 0 |a nedoplatky 
610 2 0 |a Slovensko 
610 2 0 |a Daňová správa Slovenskej republiky 
610 2 0 |a Daňové riaditeľstvo Slovenskej republiky 
610 2 0 |a 2002